Concrete bridges : (Record no. 550650)

000 -LEADER
fixed length control field 00682cam a2200181 a 4500
020 ## - INTERNATIONAL STANDARD BOOK NUMBER
International Standard Book Number 0470218657 (Wiley)
020 ## - INTERNATIONAL STANDARD BOOK NUMBER
International Standard Book Number 058204281X
082 00 - DEWEY DECIMAL CLASSIFICATION NUMBER
Classification number 624.2
Author Mark RAI
-- L- NUST, P-39
100 1# - MAIN ENTRY--PERSONAL NAME
Personal name Raina, V. K.
9 (RLIN) 43351
245 10 - TITLE STATEMENT
Title Concrete bridges :
Remainder of title design and construction /
Statement of responsibility, etc. Raina, V. K.
260 ## - PUBLICATION, DISTRIBUTION, ETC.
Place of publication, distribution, etc. Harlow, Essex, England :
Name of publisher, distributor, etc. Longman Scientific & Technical ;
Place of publication, distribution, etc. New York :
Name of publisher, distributor, etc. Copublished in the U.S. with J. Wiley & Sons,
Date of publication, distribution, etc. 1992.
300 ## - PHYSICAL DESCRIPTION
Extent xv, 280 p. :
Other physical details ill. ;
Dimensions 24 cm.
526 ## - STUDY PROGRAM INFORMATION NOTE
Program name 0
Interest level 0
Reading level 0
Title point value 624_200000000000000_RAI
650 #0 - SUBJECT ADDED ENTRY--TOPICAL TERM
Topical term or geographic name entry element Concrete bridges
General subdivision Design and construction.
9 (RLIN) 21294
650 #0 - SUBJECT ADDED ENTRY--TOPICAL TERM
Topical term or geographic name entry element NUST / MCE
9 (RLIN) 26909
650 #0 - SUBJECT ADDED ENTRY--TOPICAL TERM
Topical term or geographic name entry element Reinforced concrete construction.
942 ## - ADDED ENTRY ELEMENTS (KOHA)
Source of classification or shelving scheme
Koha item type Book
Holdings
Withdrawn status Lost status Source of classification or shelving scheme Damaged status Not for loan Permanent Location Current Location Date acquired Total Checkouts Full call number Barcode Date last seen Price effective from Koha item type
          Military College of Engineering (MCE) Military College of Engineering (MCE) 11/18/2014   624.2 RAI MCE-44309 11/18/2014 11/18/2014 Book
© 2023 Central Library, National University of Sciences and Technology. All Rights Reserved.